000 00650nam a2200217 i 4500
001 C2-0221067
003 PPAK
005 20180728150752.0
008 991012s1989 io |||| ||||| | may d
040 _aPPAK
_beng
_cPPAK
_erda
082 0 4 _a398.204992
_223
090 0 0 _a398.204992
_bKOB
_dKIH
245 0 0 _aKoba sastra lisan orang Riau
_b(dalam dialek daerah Rokan Hilir)
264 1 _a[Riau] :
_bPemerintah Daerah Tingkat I Provinsi Riau ,
_c1989
300 _a601 pages ;
_c20 cm
336 _2rdacontent
_atext
337 _2rdamedia
_aunmediated
338 _2rdacarrier
_avolume
650 1 0 _aFolk literature, Indonesian
942 _ddc
_cB
999 _c142797
_d142797